| 000 | 00768cam1a220021700 4500 | ||
|---|---|---|---|
| 001 | tmp15915496 | ||
| 003 | UPRA | ||
| 005 | 20190816105011.0 | ||
| 008 | 951110s1973 ksu eng u | ||
| 035 | _a(Sirsi) r40986 | ||
| 035 | _a(UPRA)tmp15915496 | ||
| 040 | _cUPRA | ||
| 100 | 1 |
_aFinney, P. L. _6A101638.1 |
|
| 245 | 1 | 0 |
_aQuality of Indian wheats / _cby P.L. Finney [and others]. |
| 260 |
_aManhattan, KS : _bKansas State University, Dept. of Grain Science and Industry, _c1973. |
||
| 504 | _aIncludes bibliographical references. | ||
| 650 | 0 |
_aWheat -- India. _zWheat -- India. _6S73411.1 |
|
| 650 | 0 |
_aGrain -- Grading -- India. _xGrain -- Grading -- India. _zGrain -- Grading -- India. _6S73412.1 |
|
| 949 |
_aSB191 _wlcc _mMAIN _tBOOK _lON-SHELF |
||
| 004 | 40986 | ||
| 999 |
_c89145 _d89145 |
||